00889 a2200229 4500010001700000020001800017020001800035035002400053040000800077082001200085245008700097260006200184300003500246490004900281500004100330650004700371650003500418650003100453942002500484999001700509952013300526 a 2009417740 a9788126516575 a9788126516575 a(OCoLC)ocn244652589 aDLC04a621.39510aCMOS : mixed signal circuit design bmixed signal circuit design cR. Jacob Baker. aNew DelhibJohn Wiley & Sons, IncaNew DelhibWileyc2008 axvii, 501 p. :bill. ;c24 cm.0 aIEEE Press series on microelectronic systems aPrevious ed.: New York: Wiley, 2002. 0aMetal oxide semiconductors, Complementary. 0aMixed signal circuitsxDesign. 0aElectronic circuit design. cBKk621.395 BAK2ddc c11058d11058 001040708NFICaCLbCLcGENd2012-08-10ePak Book Corporationg888.00l0o621.395 BAKpSEECS011488r2012-11-14w2017-01-05yBK